| 000 | 00385cam a2200145ua 4500 | ||
|---|---|---|---|
| 020 | _a9789380578521 | ||
| 082 |
_a670 _bNAR/PR |
||
| 100 | _aNarayana, K.L . | ||
| 245 | _aProduction technology / | ||
| 260 |
_aNew Delhi : _bI.K International Publishing House , _c2006. |
||
| 300 |
_a238 ; _e`. |
||
| 700 | 1 | _aKrishna, vamsi P . | |
| 700 | 1 | _aRamana, Swarna Venkata . | |
| 942 | _cBK | ||
| 999 |
_c13058 _d13058 |
||